000 00511nam a2200169Ia 4500
008 090123s9999 xx 000 0 und d
082 _b987
100 _aमाटे म. श्री.
245 _aमाणूसकिचा गहिवर
250 _a1
300 _a149
600 _aमाटे म. श्री.
630 _aमाणूसकिचा गहिवर
700 _aमाटे म. श्री.
730 _aमाणूसकिचा गहिवर
942 _cBOOK
999 _c39072
_d39072